Proceedings of the conference for the Indians of southern California, (Record no. 17422)

MARC details
000 -LEADER
fixed length control field 00827cam a22002411 4500
001 - CONTROL NUMBER
control field ca 34000981
003 - CONTROL NUMBER IDENTIFIER
control field DLC
005 - DATE AND TIME OF LATEST TRANSACTION
control field 20260227111132.0
008 - FIXED-LENGTH DATA ELEMENTS--GENERAL INFORMATION
fixed length control field 800415s1934 dcu 000 0 eng
010 ## - LIBRARY OF CONGRESS CONTROL NUMBER
LC control number ca 34000981
035 ## - SYSTEM CONTROL NUMBER
System control number (OCoLC)6205746
040 ## - CATALOGING SOURCE
Original cataloging agency DLC
Transcribing agency NmU
Modifying agency OCoLC
-- DLC
042 ## - AUTHENTICATION CODE
Authentication code premarc
050 00 - LIBRARY OF CONGRESS CALL NUMBER
Classification number E78.C15
Item number P7
082 ## - DEWEY DECIMAL CLASSIFICATION NUMBER
Classification number 970.5
245 00 - TITLE STATEMENT
Title Proceedings of the conference for the Indians of southern California,
Statement of responsibility, etc. held at Riverside, Cal., March 17 and 18, 1934, to discuss the Wheeler-Howard Indian bill.
260 ## - PUBLICATION, DISTRIBUTION, ETC.
Place of publication, distribution, etc. [Washington? D.C.,
Date of publication, distribution, etc. 1934]
300 ## - PHYSICAL DESCRIPTION
Extent 2 p. l., 2-19, 19a, 20-66 numb. l., 1 l.
Dimensions 27 cm.
500 ## - GENERAL NOTE
General note Mimeographed.
650 #0 - SUBJECT ADDED ENTRY--TOPICAL TERM
Topical term or geographic name entry element Indians of North America
Geographic subdivision California.
650 #0 - SUBJECT ADDED ENTRY--TOPICAL TERM
Topical term or geographic name entry element Indians of North America
General subdivision Government relations.
740 0# - ADDED ENTRY--UNCONTROLLED RELATED/ANALYTICAL TITLE
Uncontrolled related/analytical title Wheeler-Howard Indian bill.

No items available.

Powered by Koha